Normal view
MARC view
Entry Personal Name
001 - CONTROL NUMBER
- control field: 28224
003 - CONTROL NUMBER IDENTIFIER
- control field: ARRUPE
005 - DATE AND TIME OF LATEST TRANSACTION
- control field: 20170111144931.0
008 - FIXED-LENGTH DATA ELEMENTS
- fixed length control field: 170111|| aca||aabn | a|a d
040 ## - CATALOGING SOURCE
- Original cataloging agency: ARRUPE
- Transcribing agency: ARRUPE
100 ## - HEADING--PERSONAL NAME
- Personal name: White, Victor,
- Dates associated with a name: 1902-1960.
670 ## - SOURCE DATA FOUND
- Source citation: Work cat.: (ARRUPE)0: Weldon, Clodagh, 1970- 28223, Fr. Victor White, O.P. :, c2007.